• 首页
  • 本馆介绍
  • 公告通知
  • 最新文献
  • 馆藏检索
  • 电子资源
  • 读者导购
  • 参考咨询
  • 我的图书馆
  • 登录
  • 详细信息显示
  • 放入我的书架
  • 预约/预借图书
  • 作者相关作品
  • 分类相关作品
  • 丛书相关作品
  • 出版社相关作品

书目信息

  • 表格格式
  • 工作单格式
  • 卡片格式
题名:
白话精评通鉴纪事本末
    
 
作者: 袁枢 原著 ;廖德清 , 廖晓晴 译评
分册: 七  
出版信息: 沈阳   辽海出版社  2006
页数: 252页
开本: 21cm
丛书名: 历代纪事本末丛书
单 册:
中图分类: K204.4
科图分类:
主题词: 古代史--中国--纪事本末体 , 古代史
电子资源:
ISBN: 7-80711-491-6
000 01184oam2 2200337 45
001 012006053001
005 20070705153604.28
010    @a7-80711-491-6@dCNY1508.00(全56册)
092    @aCN@b494711
100    @a20060530d2006 em y0chiy0120 ea
101 0  @achi
102    @aCN@b210000
105    @ay z 000zy
200 1  @a白话精评通鉴纪事本末@Abai hua jing ping tong jian ji shi ben mo@h七@f(宋)袁枢原著@F( song ) yuan shu yuan zhu@g廖德清,廖晓晴译评@Gliao de qing, liao xiao qing yi ping
205    @a2版
210    @a沈阳@c辽海出版社@d2006
215    @a252页@d21cm
225 2  @a历代纪事本末丛书@v11
330    @a本书总括为二百三十九事,一事一篇,始于“三家分晋”,终于“世宗征淮南”。每事按照年代顺序,抄录成篇,起迄了然,颇便阅读。本书为我国第一部纪事本末体的历史著作。
461  0 @12001 @a历代纪事本末丛书
500 00 @a通鉴纪事本末
605    @a通鉴纪事本末
606 0  @a古代史@y中国@j纪事本末体
606 0  @a古代史
607    @a中国
690    @aK204.4@v4
701  0 @a袁枢@Ayuan shu@4原著
702  0 @a廖德清@Aliao de qing@4译评
702  0 @a廖晓晴@Aliao xiao qing@4译评
801  0 @aCN@bLZJBOOK@c20070705
905    @a10447@dK204.4@e103:11=2
    
    白话精评通鉴纪事本末.七/(宋)袁枢原著/廖德清,廖晓晴译评.-2版.-沈阳:辽海出版社,2006
    252页;21cm.-(历代纪事本末丛书;11)
    
    
    ISBN 7-80711-491-6:CNY1508.00(全56册)
    本书总括为二百三十九事,一事一篇,始于“三家分晋”,终于“世宗征淮南”。每事按照年代顺序,抄录成篇,起迄了然,颇便阅读。本书为我国第一部纪事本末体的历史著作。
●
相关链接 在E读中查询图书 在五车中查询图书 在当当中查询图书 在豆瓣中查询图书


正题名:白话精评通鉴纪事本末     索取号:K204.4/103:11=2         预约/预借

序号 登录号 条形码 馆藏地/架位号 状态 备注
1 0558641   205586418   第二样本阅览室/ [索取号:K204.4/103:11=2] 在馆    
2 0558642   205586427   第二借阅区/ [索取号:K204.4/103:11=2] 在馆    
3 0558643   205586436   第二借阅区/ [索取号:K204.4/103:11=2] 在馆    
4 0558644   205586445   第二借阅区/ [索取号:K204.4/103:11=2] 在馆    
5 0558645   205586454   第二借阅区/ [索取号:K204.4/103:11=2] 在馆    
6 0558646   205586463   第二借阅区/ [索取号:K204.4/103:11=2] 在馆    
7 0558647   205586472   第二借阅区/ [索取号:K204.4/103:11=2] 在馆    
8 0558648   205586481   第二借阅区/ [索取号:K204.4/103:11=2] 在馆    
唐山师范学院图书馆 欢迎您!
大连网信软件有限公司© 版权所有